Пропуск в контексте

Аналоги инсулина (инсулин детемир и инсулин аспарт) в сравнении с традиционными человеческими инсулинами (НПХ-инсулином и человеческим инсулином короткого действия) в базально-болюсной терапии больных сахарным диабетом 1 типа Статья

שמור ב:
מידע ביבליוגרפי
מחבר ראשי: Хермансен К.
פורמט: Статья
גישה מקוונת:https://znanium.com/catalog/document?id=283584
https://znanium.com/cover/0483/483973.jpg
תגים: הוספת תג
אין תגיות, היה/י הראשונ/ה לתייג את הרשומה!
LEADER 01549nam0a2200241 i 4500
001 RU\infra-m\znanium\bibl\483973
003 https://znanium.com/catalog/document?id=283584
005 20200302000000.0
100 |a 20200302d2014 m y0rusy0150 ca 
101 0 |a rus 
102 |a RU 
200 1 |a Аналоги инсулина (инсулин детемир и инсулин аспарт) в сравнении с традиционными человеческими инсулинами (НПХ-инсулином и человеческим инсулином короткого действия) в базально-болюсной терапии больных сахарным диабетом 1 типа  |e Статья 
210 1 |a Москва  |c ФГБУ "Эндокринологический научный центр" МинЗдрав РФ  |d 2006 
215 |a 9 с. 
333 |a Аспирантура 
606 |a Медицина. Фармакология  |x Эндокринология и болезни обмена веществ  |2 local 
608 |a Статья  |2 local 
700 1 |a Хермансен  |b К. 
701 1 |a Фонтен  |b П. 
701 1 |a Куколйя  |b К.К. 
801 0 |a RU  |b Общество с ограниченной ответственностью «ЗНАНИУМ»  |c 20140819  |2 rusmarc 
856 4 |a znanium.com  |m ebs_support@infra-m.ru  |n НИЦ ИНФРА-М  |u https://znanium.com/catalog/document?id=283584 
856 4 1 |a znanium.com  |d /cover/0483  |f 483973.jpg  |q image/jpeg  |u https://znanium.com/cover/0483/483973.jpg